Polacy w Lidze Mistrzów 2011/2012 - Statystyki

Ogólne statystyki
  • Ten quiz został rozwiązany 150 razy
  • Średni wynik to 8 z 13
Statystyki odpowiedzi
klub piłkarz % Poprawnych
Borussia Dortmund Jakub Błaszczykowski
99%
Borussia Dortmund Łukasz Piszczek
99%
Borussia Dortmund Robert Lewandowski
99%
Arsenal Wojciech Szczęsny
97%
Arsenal Łukasz Fabiański
93%
Manchester United Tomasz Kuszczak
82%
Trabzonspor Adrian Mierzejewski
66%
Lille Ludovic Obraniak
48%
Lille Ireneusz Jeleń
42%
Trabzonspor Paweł Brożek
38%
Trabzonspor Piotr Brożek
38%
Trabzonspor Arkadiusz Głowacki
17%
Genk Grzegorz Sandomierski
11%
Nie znaleziono quizów pasujących do podanych kryteriów
Rozkład punktacji
Procent ludzi z każdym wynikiem
Percentyl według liczby udzielonych odpowiedzi
Twoja historia wyników
Nie rozwiązałeś tego quizu